| 000 | 00000nam##2200000za#4500 |
| 001 | 9.572503 |
| 003 | CaOODSP |
| 005 | 20220111083107 |
| 007 | cr ||||||||||| |
| 008 | 150406|1996||||xxc|||||o f|0| 0 eng|d |
| 022 | |a1928-6414 |
| 040 | |aCaOODSP|beng |
| 043 | |an-cn--- |
| 086 | 1 |aNE22-1/1996-7E-PDF |
| 110 | 1 |aCanada. |bNational Energy Board. |
| 245 | 10|aCompilations of key documents related to the Board's RH-2-95 decisions in the matter of TransCanada PipeLines Limited : |h[electronic resource]|bapplication dated 5 July 1995 |
| 246 | 1 |iVariant title : |aTransCanada PipeLines Limited |
| 260 | |aCalgary - Alberta : |bNational Energy Board |cJune 1996. |
| 300 | |a64p.|btables |
| 490 | 1 |aReasons for decision|x1928-6414|vRH-2-95 Summary |
| 500 | |aThe catalogue number (NE22-1/1996-7E) and ISBN (0-662-24411-7) for the print edition have been incorrectly copied in this electronic publication. |
| 590 | |a12-07-Supp|b2012-03-09 |
| 775 | 08|tRecueil des documents clés liés aux décisions RH-2-95 de l'Office relativement à TransCanada PipeLines Limited : |w(CaOODSP)9.602850 |
| 830 | #0|aReasons for decision (Canada. National Energy Board)|x1928-6414|vRH-2-95 Summary|w(CaOODSP)9.504480 |
| 856 | 40|ahttp://publications.gc.ca|qPDF|s158 KB|uhttps://publications.gc.ca/collections/Collection/NE22-1-1996-7E.pdf|yRH-2-95 Summary |